| 000 | 00596cam a22002292 4500 | ||
|---|---|---|---|
| 001 | 0000020914 | ||
| 003 | OSt | ||
| 005 | 20160329113746.0 | ||
| 008 | 111114s xx 000 0 eng d | ||
| 020 | _a0414037397 | ||
| 040 |
_aKABU _cKABU |
||
| 100 | 1 | _aPeel, Edwin. | |
| 245 | 1 | 4 |
_aThe Law of contract / _cEdwin Peel. |
| 250 | _a14th ed. | ||
| 260 |
_aLondon : _bSweet & Maxwell, _c2015. |
||
| 300 | _accxxxii, 1388 p. | ||
| 650 | 0 |
_aContracts _zEngland. |
|
| 650 | 0 |
_aContracts _zWales. |
|
| 908 | _a111114 | ||
| 942 |
_2lcc _cBK |
||
| 999 |
_c15908 _d15908 |
||